Państwa odwiedzone przez Bronisława Komorowskiego - Statystyki

Ogólne statystyki
  • Ten quiz został rozwiązany 380 razy
  • Średni wynik to 27 z 39
Statystyki odpowiedzi
Ilość wizyt Państwo % Poprawnych
6 Stany Zjednoczone
98%
11 Niemcy
97%
1 Rosja
96%
5 Czechy
94%
7 Słowacja
93%
4 Francja
92%
11 Ukraina
92%
1 Hiszpania
91%
7 Włochy
90%
6 Litwa
88%
1 Chiny
87%
1 Japonia
87%
6 Łotwa
87%
1 Wielka Brytania
87%
3 Estonia
84%
4 Belgia
83%
1 Holandia
83%
2 Austria
82%
3 Portugalia
82%
5 Węgry
82%
3 Szwajcaria
79%
1 Izrael
76%
1 Rumunia
75%
1 Turcja
75%
1 Korea Południowa
74%
1 Chorwacja
73%
4 Watykan
70%
1 Arabia Saudyjska
47%
1 Gruzja
47%
2 Mołdawia
42%
1 Armenia
41%
1 Azerbejdżan
37%
1 Zjednoczone Emiraty Arabskie
37%
1 Macedonia (Północna)*
33%
1 Katar
31%
1 Mongolia
28%
1 Kosowo
27%
1 Afganistan
20%
1 Tunezja
19%
Nie znaleziono quizów pasujących do podanych kryteriów
Rozkład punktacji
Procent ludzi z każdym wynikiem
Percentyl według liczby udzielonych odpowiedzi
Twoja historia wyników
Nie rozwiązałeś tego quizu